00355nam a2200121Ia 4500008004100000040001700041041001200058082002000070100002200090245005700112260005300169300001100222230917s9999||||xx |||||||||||||| ||und|| e233319aMAIN aEnglish a331.10954 C394O aChauhan, Poonam S 0aOrganising rural labour: Process and experiences, 2V aNoidabV V Giri National Labour Instistutec2015 a236 p.